000 00316nam a2200145Ia 4500
005 20251222144904.0
008 251222s9999||||xx |||||||||||||| ||spa||
020 _a84-7166-866-4
082 _a882.3/E95/2004
100 _aEurípides
245 0 _aTragedias
250 _a12a.ed.
264 _bEdaf
942 _cLIB
999 _c22078
_d22078